Vývojové tendencie a očakávané zmeny v potravinovom hospodárstve SR po vstupe do EÚ
Vývojové tendencie v potravinovom hospodárstve SR. Nové nároky na regulačnú politiku. Konkurenčná politika EÚ. Spoločná poľnohospodárska politika EÚ. Politika bezpečnosti potravín EÚ. Regionálna politika EÚ.
Na minha lista:
| Autor principal: | |
|---|---|
| Formato: | Capítulo de Livro |
| Idioma: | eslovaco |
| Assuntos: | |
| Tags: |
Sem tags, seja o primeiro a adicionar uma tag!
|
MARC
| LEADER | 00000naa$a2200000$$$4500 | ||
|---|---|---|---|
| 001 | 0022869 | ||
| 005 | 20240502071415.0 | ||
| 041 | 0 | |a slo | |
| 044 | |a SK | ||
| 245 | 1 | 0 | |a Vývojové tendencie a očakávané zmeny v potravinovom hospodárstve SR po vstupe do EÚ |c Zuzana Bosáková |
| 520 | |a Vývojové tendencie v potravinovom hospodárstve SR. Nové nároky na regulačnú politiku. Konkurenčná politika EÚ. Spoločná poľnohospodárska politika EÚ. Politika bezpečnosti potravín EÚ. Regionálna politika EÚ. | ||
| 610 | 2 | 0 | |a potravinárstvo |
| 610 | 2 | 0 | |a Slovensko |
| 610 | 2 | 0 | |a Európska únia |
| 610 | 2 | 0 | |a trh vnútorný |
| 610 | 2 | 0 | |a trh spoločný |
| 610 | 2 | 0 | |a politika poľnohospodárska |
| 610 | 2 | 0 | |a politika regionálna |
| 610 | 2 | 0 | |a bezpečnosť potravinová |
| 610 | 2 | 0 | |a konkurencia |
| 100 | 1 | |a Bosáková, Zuzana | |